000 00882nam a22002057a 4500
005 20231219150421.0
008 110317t xxu||||| |||| 00| 0 eng d
010 _aB-756702-708 ENG-18.10.23
020 _a9789393781536
_c600.00
035 _aB-756702-708
037 _bPansy Books
082 _a371.73
100 1 _926630
_aKamlesh, M.L.
245 1 0 _aPhysical Education and Exercise Sciences;
_b[An Objective Approach] 2nd Revised and Updated Edition/
_cBy - M.L. Kamlesh
260 _aDelhi
_bSports Publication
_c2024
270 _a7/26, Ground Floor, Ansari Road, Darya Ganj,
_b Delhi
_e110002
300 _a452p.
_c24cm (pbk)
942 _2ddc
_cEN
_mKAM
_h371.73
999 _c199505
_d199505